[Event "DEM U10 2005"]
[Site "Willingen GER"]
[Date "2005.05.17"]
[Round "5"]
[White "Chevelevitch, Valentin"]
[Black "Grzeca, Pascal"]
[Result "0-1"]
[Termination "normal"]
[Board "27"]
[WhiteElo "1003"]
[BlackElo "1142"]
[PlyCount "100"]
[WhiteFideId "12945587"]
[BlackFideId "24600741"]
[EventCountry "GER"]
[EventRounds "11"]
[EventType "swiss"]
[EventDate "2005.05.15"]

1. e4 c6 2. d4 d5 3. exd5 cxd5 4. Bd3 Nc6 5. c3 Nf6 6. h3 Bd7 7. Nf3 e6 8. O-O
Qb6 9. Qb3 Qxb3 10. axb3 Bd6 11. Bg5 h6 12. Bh4 b6 13. Na3 Ne7 14. Nb5 Bb8 15.
Bg3 Bxg3 16. fxg3 Bxb5 17. Bxb5+ Kd8 18. Ne5 Rf8 19. c4 Nf5 20. cxd5 Nxd4 21.
Nc6+ Nxc6 22. Bxc6 Rc8 23. Rfd1 e5 24. Rxa7 Rc7 25. Ra6 Nd7 26. Bxd7 Rxd7 27.
Rxb6 Kc7 28. Ra6 Rb8 29. Ra7+ Kd8 30. Rxd7+ Kxd7 31. Rd3 Kd6 32. Rc3 Kxd5 33.
Kf2 f5 34. Ke3 Rb4 35. Kd3 Rb5 36. Kc2 Rc5 37. Rxc5+ Kxc5 38. Kc3 e4 39. b4+
Kb5 40. g4 f4 41. Kd2 e3+ 42. Ke2 Kxb4 43. g3 g5 44. h4 fxg3 45. Kxe3 gxh4 46.
Ke2 Kb3 47. Kf1 Kxb2 48. Kg2 Kc2 49. g5 hxg5 50. Kg1 Kd3 0-1

[Event "DEM U10 2005"]
[Site "Willingen GER"]
[Date "2005.05.17"]
[Round "5"]
[White "Kühnel, Lena"]
[Black "Brühan, Jan"]
[Result "1-0"]
[Termination "normal"]
[Board "28"]
[WhiteElo "1124"]
[BlackElo "784"]
[PlyCount "49"]
[WhiteFideId "24640956"]
[EventCountry "GER"]
[EventRounds "11"]
[EventType "swiss"]
[EventDate "2005.05.15"]

1. e4 e5 2. Nf3 Nc6 3. Nc3 Nf6 4. d4 d6 5. dxe5 dxe5 6. Qxd8+ Nxd8 7. Nxe5 Bd6
8. Nf3 Nc6 9. Bb5 Bd7 10. Bxc6 Bxc6 11. e5 Bc5 12. exf6 gxf6 13. Bf4 O-O-O 14.
Bg3 Bd6 15. O-O-O Rhg8 16. Rhe1 Bxg3 17. fxg3 Rxd1+ 18. Rxd1 Re8 19. Nd5 Re2
20. Nh4 Ba4 21. b3 Bb5 22. a4 Bc6 23. Nf5 Re5 24. Nde7+ Kb8 25. Rd8# 1-0

[Event "DEM U10 2005"]
[Site "Willingen GER"]
[Date "2005.05.17"]
[Round "5"]
[White "Scholz, Andre"]
[Black "Pauly, Carlo"]
[Result "0-1"]
[Termination "normal"]
[Board "30"]
[WhiteElo "900"]
[BlackElo "1111"]
[PlyCount "84"]
[BlackFideId "24673269"]
[EventCountry "GER"]
[EventRounds "11"]
[EventType "swiss"]
[EventDate "2005.05.15"]

1. e4 d5 2. exd5 Nf6 3. Nc3 Nxd5 4. Nxd5 Qxd5 5. b3 Qe5+ 6. Ne2 Qxa1 7. c3 Qxa2
8. Nd4 e5 9. Qe2 Bd6 10. Nf3 Nc6 11. g3 O-O 12. Bg2 Qxb3 13. O-O Bg4 14. Qe4 f5
15. Qe3 Qb6 16. Qg5 Be7 17. Qe3 Qxe3 18. fxe3 Bxf3 19. Rxf3 a5 20. Bh3 a4 21.
Bxf5 g6 22. Be6+ Kg7 23. Rxf8 Kxf8 24. Bb2 a3 25. Ba1 Rd8 26. d4 exd4 27. exd4
Rd6 28. Bc4 Ne5 29. h4 Nxc4 30. Kh2 a2 31. g4 Rb6 32. h5 Rb1 33. hxg6 hxg6 34.
g5 Rxa1 35. d5 Rh1+ 36. Kxh1 a1=Q+ 37. Kg2 Qxc3 38. d6 Bxd6 39. Kf2 Qe3+ 40.
Kg2 Qe2+ 41. Kh3 Qf3+ 42. Kh4 Qg3# 0-1

[Event "DEM U10 2005"]
[Site "Willingen GER"]
[Date "2005.05.17"]
[Round "5"]
[White "Oltzen, Aljoscha"]
[Black "Matschewsky, Justus"]
[Result "0-1"]
[Termination "normal"]
[Board "31"]
[WhiteElo "933"]
[BlackElo "1235"]
[PlyCount "122"]
[BlackFideId "24678708"]
[EventCountry "GER"]
[EventRounds "11"]
[EventType "swiss"]
[EventDate "2005.05.15"]

1. e4 e5 2. Nc3 Nc6 3. Nf3 d6 4. Bb5 Bg4 5. O-O Nf6 6. h3 Bh5 7. d3 Be7 8. Nd5
O-O 9. Nxe7+ Qxe7 10. Bxc6 bxc6 11. Bg5 d5 12. g4 Bg6 13. Nxe5 Qxe5 14. f4 Qd4+
15. Kh2 h6 16. c3 Qb6 17. Bxf6 Qxb2+ 18. Kg1 gxf6 19. Qb3 Qxb3 20. axb3 dxe4
21. dxe4 Bxe4 22. Rfe1 Bh7 23. Ra6 Rfc8 24. Rxc6 Kg7 25. Re7 Bc2 26. b4 a5 27.
Rcxc7 Rxc7 28. Rxc7 axb4 29. cxb4 Ba4 30. Rb7 Rc8 31. Kh2 Rc4 32. Kg3 Rc3+ 33.
Kh4 Bc6 34. Rb6 Bg2 35. g5 Rxh3+ 36. Kg4 fxg5 37. fxg5 h5+ 38. Kf5 Rf3+ 39. Ke5
h4 40. Rf6 Rxf6 41. gxf6+ Kg6 42. Kf4 h3 43. Kg3 Kxf6 44. b5 Ke6 45. b6 Kd7 46.
b7 Kc7 47. b8=Q+ Kxb8 48. Kh2 f5 49. Kg3 f4+ 50. Kh2 f3 51. Kg1 Kc7 52. Kh2 f2
53. Kg3 f1=Q 54. Kh2 Qf4+ 55. Kg1 h2+ 56. Kxg2 Qg4+ 57. Kxh2 Kd6 58. Kh1 Ke5
59. Kh2 Kf4 60. Kh1 Kf3 61. Kh2 Qg2# 0-1

[Event "DEM U10 2005"]
[Site "Willingen GER"]
[Date "2005.05.17"]
[Round "5"]
[White "Riebold, Johannes"]
[Black "von Freydorf, Sofia"]
[Result "1-0"]
[Termination "normal"]
[Board "32"]
[WhiteElo "1221"]
[BlackElo "965"]
[PlyCount "101"]
[EventCountry "GER"]
[EventRounds "11"]
[EventType "swiss"]
[EventDate "2005.05.15"]

1. e4 e5 2. Nf3 Nc6 3. Bc4 Be7 4. Nc3 Nf6 5. d3 O-O 6. Be3 b6 7. Qd2 Bb7 8. h3
d6 9. O-O-O Qd7 10. Rdg1 a5 11. Bb5 Qe6 12. g4 Rfd8 13. Bxc6 Bxc6 14. g5 Ne8
15. h4 Ba4 16. b3 Bc6 17. h5 g6 18. hxg6 fxg6 19. Rh2 Qf7 20. Qe2 d5 21. Nxe5
Qe6 22. Nxc6 Qxc6 23. Nxd5 Qd6 24. Nxe7+ Qxe7 25. Rgh1 Qa3+ 26. Kd1 Rd7 27. Qd2
Qxa2 28. Ke2 Nd6 29. f3 a4 30. bxa4 Nc4 31. Qc3 Nxe3 32. Kxe3 Rxa4 33. Qb3+ Kg7
34. Qxa2 Rxa2 35. Rxh7+ Kf8 36. Rxd7 Rxc2 37. Ra1 Ke8 38. Rd4 c5 39. Rc4 Rb2
40. Ra6 b5 41. Rxc5 b4 42. Rb5 Kd7 43. Rxg6 b3 44. Rgb6 Rb1 45. Rxb3 Rxb3 46.
Rxb3 Ke6 47. Kf4 Kf7 48. Kf5 Kg7 49. Rb7+ Kg8 50. Kf6 Kf8 51. Rb8# 1-0

[Event "DEM U10 2005"]
[Site "Willingen GER"]
[Date "2005.05.17"]
[Round "5"]
[White "Hauffen, Franziska"]
[Black "Rührmund, Daniel"]
[Result "0-1"]
[Termination "normal"]
[Board "33"]
[WhiteElo "1014"]
[BlackElo "1201"]
[PlyCount "72"]
[BlackFideId "24674583"]
[EventCountry "GER"]
[EventRounds "11"]
[EventType "swiss"]
[EventDate "2005.05.15"]

1. e4 c5 2. Nf3 e6 3. Nc3 Qc7 4. Bc4 a6 5. d3 b5 6. Bb3 Bb7 7. Be3 Be7 8. Qd2
Nc6 9. O-O Nf6 10. Bf4 Bd6 11. Bxd6 Qxd6 12. Rfe1 Ne5 13. Nxe5 Qxe5 14. Qe2 O-O
15. Qf3 Ne8 16. Qh3 Qg5 17. Re3 f5 18. Rg3 Qe7 19. Qh5 b4 20. Nd5 exd5 21. exd5
Qd6 22. Rh3 Nf6 23. Qxf5 Bxd5 24. Bxd5+ Qxd5 25. Qf4 Rae8 26. Rd1 Qe5 27. Qd2
Ng4 28. Rg3 Rxf2 29. Qc1 Rf4 30. c3 bxc3 31. bxc3 c4 32. d4 Qe4 33. Rf1 Rxf1+
34. Kxf1 Qe2+ 35. Kg1 Qe1+ 36. Qxe1 Rxe1# 0-1

[Event "DEM U10 2005"]
[Site "Willingen GER"]
[Date "2005.05.17"]
[Round "5"]
[White "Meir, Lenz"]
[Black "Weber, Clemens"]
[Result "1/2-1/2"]
[Termination "normal"]
[Board "34"]
[WhiteElo "993"]
[BlackElo "1165"]
[PlyCount "46"]
[BlackFideId "12927813"]
[EventCountry "GER"]
[EventRounds "11"]
[EventType "swiss"]
[EventDate "2005.05.15"]

1. d4 d5 2. c4 c6 3. Nc3 Nf6 4. Nf3 Nbd7 5. e3 e6 6. Qc2 b6 7. Be2 Ba6 8. b3
Bd6 9. O-O O-O 10. Bb2 Rc8 11. e4 dxe4 12. Nxe4 Nxe4 13. Qxe4 Re8 14. Qc2 Qc7
15. Bd3 h6 16. Qc3 e5 17. Rfe1 f6 18. dxe5 fxe5 19. Bf5 Rcd8 20. Bxd7 Rxd7 21.
Nxe5 Rde7 22. Nf3 Rxe1+ 23. Rxe1 Rf8 1/2-1/2

[Event "DEM U10 2005"]
[Site "Willingen GER"]
[Date "2005.05.17"]
[Round "5"]
[White "Sommer, Celin"]
[Black "Priese, Annika"]
[Result "1/2-1/2"]
[Termination "normal"]
[Board "37"]
[WhiteElo "1162"]
[BlackElo "915"]
[PlyCount "90"]
[BlackFideId "24673730"]
[EventCountry "GER"]
[EventRounds "11"]
[EventType "swiss"]
[EventDate "2005.05.15"]

1. e4 d6 2. Nc3 g6 3. d4 Bg7 4. Nf3 Nd7 5. Bc4 Ngf6 6. Ng5 O-O 7. Be3 e5 8. Qd3
c6 9. O-O-O b5 10. Bb3 a5 11. dxe5 dxe5 12. Bc5 Re8 13. Bxf7+ Kh8 14. Bxe8 Qxe8
15. Be3 b4 16. Na4 Ba6 17. Qd2 Qg8 18. b3 Rc8 19. Qd6 h6 20. Ne6 Nf8 21. Nxg7
Qxg7 22. Qxe5 Re8 23. Qd6 Rxe4 24. Bd4 Kg8 25. Bxf6 Qf7 26. Qxc6 Be2 27. Qxe4
Bxd1 28. Rxd1 Qxf6 29. Qf3 Qa1+ 30. Kd2 Qd4+ 31. Qd3 Qf4+ 32. Ke1 Qe5+ 33. Qe3
Qxh2 34. g4 Qg1+ 35. Kd2 Qxg4 36. Qg3 Qd4+ 37. Ke1 Qe4+ 38. Qe3 Qh1+ 39. Ke2
Qh5+ 40. f3 Qh2+ 41. Qf2 Qe5+ 42. Kf1 Qb5+ 43. c4 bxc3+ 44. Qe2 c2 45. Rc1 Qg5
1/2-1/2

[Event "DEM U10 2005"]
[Site "Willingen GER"]
[Date "2005.05.17"]
[Round "5"]
[White "Spilke, Paul"]
[Black "Schäfer, Ann-Kathrin"]
[Result "0-1"]
[Termination "normal"]
[Board "38"]
[WhiteElo "893"]
[BlackElo "1118"]
[PlyCount "80"]
[BlackFideId "24615412"]
[EventCountry "GER"]
[EventRounds "11"]
[EventType "swiss"]
[EventDate "2005.05.15"]

1. e4 c5 2. Nf3 e6 3. Bc4 Qc7 4. Nc3 d6 5. d3 Nd7 6. O-O Ngf6 7. Bg5 Be7 8. Qe2
O-O 9. Rfe1 b6 10. Rad1 Bb7 11. d4 cxd4 12. Nxd4 a6 13. Nf3 h6 14. Bh4 Kh8 15.
Bd3 Qc6 16. Bg3 Rg8 17. Qe3 Raf8 18. Bf4 Ng4 19. Qd2 g5 20. Bg3 h5 21. h3 Nge5
22. h4 Nxf3+ 23. gxf3 f5 24. exf5 Qxf3 25. Kf1 Qg2+ 26. Ke2 exf5 27. Na4 Bf3+
28. Ke3 f4+ 29. Bxf4 gxf4+ 30. Kd4 Qg7+ 31. Kc4 Rc8+ 32. Kb3 Bxd1 33. Qxf4 Rgf8
34. Qd2 Nc5+ 35. Nxc5 Rxc5 36. Rxe7 Bxc2+ 37. Qxc2 Qxe7 38. Qd2 Qe6+ 39. Ka4
Qxa2+ 40. Kb4 a5# 0-1

[Event "DEM U10 2005"]
[Site "Willingen GER"]
[Date "2005.05.17"]
[Round "5"]
[White "Schröder, Björn"]
[Black "Fischer, Franziska"]
[Result "1-0"]
[Termination "normal"]
[Board "39"]
[WhiteElo "1035"]
[BlackElo "861"]
[PlyCount "79"]
[BlackFideId "12924199"]
[EventCountry "GER"]
[EventRounds "11"]
[EventType "swiss"]
[EventDate "2005.05.15"]

1. d4 d5 2. c4 dxc4 3. e4 Nf6 4. Nc3 Nc6 5. Nf3 Bg4 6. Be2 e6 7. Be3 Bb4 8. O-O
O-O 9. a3 Ba5 10. b4 Bb6 11. Rc1 a6 12. Nd2 Nxd4 13. Bxg4 Nxg4 14. Qxg4 Re8 15.
Nxc4 Ba7 16. Rfd1 Qd7 17. Bxd4 Bxd4 18. Ne2 Rad8 19. Rd2 Bxf2+ 20. Kxf2 Qe7 21.
Rxd8 Rxd8 22. Nf4 Qf6 23. e5 Qe7 24. Nh5 Kf8 25. Qxg7+ Ke8 26. Qg8+ Kd7 27.
Nf6+ Kc6 28. Nd6+ Kb6 29. Nc4+ Kc6 30. Qxf7 Qf8 31. Qxe6+ Kb5 32. Ne3 Rd2+ 33.
Kf3 Ka4 34. Qc4 Kxa3 35. Qc3+ Ka4 36. Qxd2 b6 37. Rc4 c5 38. bxc5+ Kb5 39. Qb4+
Kc6 40. Qxb6# 1-0

[Event "DEM U10 2005"]
[Site "Willingen GER"]
[Date "2005.05.17"]
[Round "5"]
[White "Hümmecke, Aaron"]
[Black "Scheel, Henrik"]
[Result "1-0"]
[Termination "normal"]
[Board "40"]
[WhiteElo "770"]
[BlackElo "986"]
[PlyCount "71"]
[WhiteFideId "24692522"]
[BlackFideId "24692115"]
[EventCountry "GER"]
[EventRounds "11"]
[EventType "swiss"]
[EventDate "2005.05.15"]

1. e4 e5 2. Nf3 Nc6 3. d4 exd4 4. Nxd4 Bc5 5. Be3 Qf6 6. c3 Nge7 7. Bc4 d6 8.
Nd2 Bd7 9. N2f3 h6 10. Qd3 O-O-O 11. O-O-O Na5 12. b4 Nxc4 13. bxc5 Nxe3 14.
fxe3 dxc5 15. Nb5 c6 16. Nd6+ Kb8 17. e5 Qe6 18. Qb1 Bc8 19. Rd3 f6 20. Rhd1
fxe5 21. Nxb7 Bxb7 22. Rxd8+ Rxd8 23. Rxd8+ Kc7 24. Rd2 Qc4 25. Qc2 Nd5 26.
Nxe5 Qf1+ 27. Rd1 Qf6 28. Qe4 Nxc3 29. Rd7+ Kc8 30. Qg4 Nxa2+ 31. Kc2 Qf2+ 32.
Rd2+ Kc7 33. Rxf2 Bc8 34. Rf7+ Kb8 35. Nxc6+ Ka8 36. Qxc8# 1-0

[Event "DEM U10 2005"]
[Site "Willingen GER"]
[Date "2005.05.17"]
[Round "5"]
[White "Bakalarz, Bianca"]
[Black "Zeller, Elisa"]
[Result "0-1"]
[Termination "normal"]
[Board "41"]
[WhiteElo "983"]
[BlackElo "794"]
[PlyCount "68"]
[BlackFideId "24662410"]
[EventCountry "GER"]
[EventRounds "11"]
[EventType "swiss"]
[EventDate "2005.05.15"]

1. e4 e5 2. Nf3 Nc6 3. d4 exd4 4. Nxd4 Nf6 5. Nc3 Bb4 6. Bd3 Nxd4 7. Bd2 d6 8.
O-O Bg4 9. Qc1 Bxc3 10. Bxc3 Ne2+ 11. Kh1 Nxc1 12. Raxc1 Qe7 13. Rfe1 O-O-O 14.
e5 dxe5 15. Rxe5 Qd6 16. f3 Bd7 17. Rd1 Nd5 18. Bd4 f6 19. Ree1 Nf4 20. Bf1 Bf5
21. Be3 Qb4 22. Rc1 Qxb2 23. Bxf4 Rhe8 24. h3 Rxe1 25. Rxe1 Bxc2 26. Be2 g5 27.
Bg3 h5 28. h4 g4 29. f4 Be4 30. f5 Rd3 31. Bf4 g3 32. Bc1 Qc2 33. Bf3 Bxf3 34.
gxf3 Qh2# 0-1

[Event "DEM U10 2005"]
[Site "Willingen GER"]
[Date "2005.05.17"]
[Round "5"]
[White "Princeataia, Elina"]
[Black "Marx, Inga"]
[Result "0-1"]
[Termination "normal"]
[Board "43"]
[WhiteElo "729"]
[BlackElo "920"]
[PlyCount "50"]
[BlackFideId "4654749"]
[EventCountry "GER"]
[EventRounds "11"]
[EventType "swiss"]
[EventDate "2005.05.15"]

1. e4 e5 2. Nf3 Nc6 3. Bc4 Nf6 4. d4 exd4 5. O-O Bc5 6. e5 Ng4 7. h3 Nh6 8.
Bxh6 gxh6 9. Nbd2 d5 10. Bb3 Be6 11. Qe2 Qd7 12. Rfe1 O-O-O 13. Ba4 Rhg8 14.
Nb3 Bb6 15. Nh4 Bxh3 16. Rad1 Bg4 17. f3 d3+ 18. Kf1 dxe2+ 19. Rxe2 Bxf3 20.
Nxf3 Qe6 21. Red2 Nxe5 22. Nbd4 Qf6 23. Re1 Bxd4 24. Rxd4 Nxf3 25. gxf3 Qxf3#
0-1

[Event "DEM U10 2005"]
[Site "Willingen GER"]
[Date "2005.05.17"]
[Round "5"]
[White "Schnorr, Christian"]
[Black "Mädge, Rico"]
[Result "1-0"]
[Termination "normal"]
[Board "44"]
[WhiteElo "1143"]
[BlackElo "826"]
[PlyCount "71"]
[EventCountry "GER"]
[EventRounds "11"]
[EventType "swiss"]
[EventDate "2005.05.15"]

1. e4 d5 2. exd5 Qxd5 3. Nc3 Qe5+ 4. Qe2 Qe6 5. Nf3 f6 6. Qxe6 Bxe6 7. Bd3 c6
8. b3 g6 9. Ba3 Nd7 10. O-O Nh6 11. Rfe1 Bf7 12. Re2 Rg8 13. Rae1 O-O-O 14.
Bxe7 Bxe7 15. Rxe7 Rgf8 16. R7e4 f5 17. Rh4 Ng8 18. Rxh7 Rde8 19. Rxe8+ Bxe8
20. Bc4 Ngf6 21. Re7 g5 22. Be6 g4 23. Nd4 f4 24. Nf5 g3 25. Nd6+ Kc7 26. Nxe8+
Nxe8 27. Rxd7+ Kb6 28. Na4+ Kb5 29. Bc4+ Ka5 30. Rxb7 Nc7 31. Rxc7 Re8 32. fxg3
Re1+ 33. Kf2 Rd1 34. Ke2 Ra1 35. c3 Rxa2 36. Rxa7# 1-0

[Event "DEM U10 2005"]
[Site "Willingen GER"]
[Date "2005.05.17"]
[Round "5"]
[White "Bluhm, Sonja Maria"]
[Black "Greilich, Sophie"]
[Result "1-0"]
[Termination "normal"]
[Board "46"]
[WhiteElo "797"]
[BlackElo "793"]
[PlyCount "111"]
[WhiteFideId "24654027"]
[EventCountry "GER"]
[EventRounds "11"]
[EventType "swiss"]
[EventDate "2005.05.15"]

1. e4 e5 2. Nf3 Nc6 3. Nc3 Nf6 4. Bc4 Bc5 5. d3 h6 6. Be3 Bxe3 7. fxe3 d6 8. h3
Be6 9. Bb3 O-O 10. O-O d5 11. exd5 Bxd5 12. Bxd5 Nxd5 13. Nb5 Nxe3 14. Qe1 Nxf1
15. Qxf1 Re8 16. Qe2 a6 17. Nc3 Qf6 18. Nd5 Qg6 19. Nxc7 Nd4 20. Qf2 Rac8 21.
Nxe8 Rxe8 22. Re1 Nxf3+ 23. Qxf3 Qb6+ 24. Kh2 Qd6 25. Kh1 Qb4 26. Rf1 f6 27.
Qd5+ Kh8 28. Qe4 Qd6 29. Qxb7 Rb8 30. Qf7 Rxb2 31. c4 Qc6 32. Rg1 Rxa2 33. c5
Rc2 34. Qf8+ Kh7 35. Qd6 Qb7 36. c6 Rxc6 37. Qd5 Qb6 38. Qe4+ Kh8 39. d4 exd4
40. Rb1 Qc7 41. Qe8+ Kh7 42. Qe4+ Kg8 43. Qe8+ Kh7 44. Qe4+ Kh8 45. Qe8+ Kh7
46. Qe4+ g6 47. h4 h5 48. g4 Qg3 49. Qxc6 Qa3 50. Qc1 Qd6 51. Rb7+ Kg8 52. Qc8+
Qf8 53. Qc7 Qh6 54. Qf7+ Kh8 55. Rb8+ Qf8 56. Rxf8# 1-0